Human development in India: (Record no. 34763)

MARC details
000 -LEADER
fixed length control field 00918nam a22002417a 4500
005 - DATE AND TIME OF LATEST TRANSACTION
control field 20100319102852.0
008 - FIXED-LENGTH DATA ELEMENTS--GENERAL INFORMATION
fixed length control field 100319t xxu||||| |||| 00| 0 eng d
010 ## - LCCN (DPL NO)
LC control number ENG-95912
020 ## - INTERNATIONAL STANDARD BOOK NUMBER
International Standard Book Number 0198065124
Terms of availability 595.00
020 ## - INTERNATIONAL STANDARD BOOK NUMBER
International Standard Book Number 0198065124
Terms of availability 595.00
035 ## - SYSTEM CONTROL NUMBER
System control number EN-79445
037 ## - SOURCE OF ACQUISITION
Source of stock number/acquisition DBAD/PUB
040 ## - CATALOGING SOURCE
Original cataloging agency DPL
Language of cataloging Eng
082 ## - DEWEY DECIMAL CLASSIFICATION NUMBER
Classification number 361.954
100 ## - MAIN ENTRY--PERSONAL NAME
Personal name Desai, B. Sonalde
245 ## - TITLE STATEMENT
Title Human development in India:
Remainder of title challenges for a society in transition /
Statement of responsibility, etc by Sonalde B. Desai ... [et.al]
260 ## - PUBLICATION, DISTRIBUTION, ETC. (IMPRINT)
Place of publication, distribution, etc New Delhi
Name of publisher, distributor, etc Oxford University Press
Date of publication, distribution, etc 2010
270 ## - ADDRESS
Address YMCA Library Building, Jai Singh Road
City New Delhi
Postal code 110001
300 ## - PHYSICAL DESCRIPTION
Extent xxii, 234p.
Dimensions 28 cm (pbk)
500 ## - GENERAL NOTE
General note Includes bibliographical references
942 ## - ADDED ENTRY ELEMENTS (KOHA)
Source of classification or shelving scheme Dewey Decimal Classification
Item type English Books
Call number suffix HUM
Classification part 361.954
Holdings
Withdrawn status Lost status Source of classification or shelving scheme Materials specified (bound volume or other part) Damaged status Not for loan Collection code Home library Current library Date acquired Source of acquisition Cost, normal purchase price Total Checkouts Full call number Barcode Date last seen Copy number Cost, replacement price Koha item type
    Dewey Decimal Classification Pb   Not For Loan Non-fiction D.B.Act.Division D.B.Act.Division 19/02/2010 DBAD/PUB 595.00   DES EN-79445 19/03/2010 1 595.00 English Books

© Delhi Public Library
Hit Counter
free hit counter